2022 NBA Draft - Statistics

General Stats
  • This quiz has been taken 859 times
  • The average score is 22 of 58
Answer Stats
Pick Team Position School/Team Player % Correct
1 Orlando Magic PF Duke Paolo Banchero
99%
2 Oklahoma City Thunder C/PF Gonzaga Chet Holmgren
96%
3 Houston Rockets PF Auburn Jabari Smith Jr.
91%
5 Detroit Pistons SG Purdue Jaden Ivey
88%
4 Sacramento Kings PF Iowa Keegan Murray
87%
6 Indiana Pacers SG/SF Arizona Bennedict Mathurin
77%
12 Oklahoma City Thunder SG Santa Clara Jalen Williams
77%
34 Oklahoma City Thunder PF Arkansas Jaylin Williams
77%
15 Charlotte Hornets C Duke Mark Williams
77%
47 Memphis Grizzlies SG/SF VCU Vince Williams Jr.
76%
9 San Antonio Spurs PF Baylor Jeremy Sochan
73%
7 Portland Trail Blazers SG Kentucky Shaedon Sharpe
73%
13 Charlotte Hornets (to DET) C Memphis Jalen Duren
67%
10 Washington Wizards SG Wisconsin Johnny Davis
61%
8 New Orleans Pelicans PG/SG G League Ignite Dyson Daniels
59%
21 Denver Nuggets SG Kansas Christian Braun
46%
27 Miami Heat SF Mega Mozzart (Serbia) Nikola Jović
46%
17 Houston Rockets PF LSU Tari Eason
45%
11 New York Knicks (to OKC) SF New Zealand Breakers (Australia) Ousmane Dieng
43%
16 Atlanta Hawks SF Duke A.J. Griffin
42%
14 Cleveland Cavaliers SG Kansas Ochai Agbaji
41%
31 Indiana Pacers PG Gonzaga Andrew Nembhard
40%
22 Memphis Grizzlies (to MIN) C Auburn Walker Kessler
40%
24 Milwaukee Bucks SG/SF G League Ignite MarJon Beauchamp
35%
18 Chicago Bulls SG Arizona Dalen Terry
34%
20 San Antonio Spurs SG Ohio State Malaki Branham
34%
28 Golden State Warriors PF Milwaukee Patrick Baldwin Jr.
32%
23 Philadelphia 76ers (to MEM) SF Colorado State David Roddy
31%
19 Minnesota Timberwolves (to MEM) SF Wake Forest Jake LaRavia
29%
35 Los Angeles Lakers SG Michigan State Max Christie
29%
37 Sacramento Kings (to DAL) SG G League Ignite Jaden Hardy
28%
25 San Antonio Spurs PG/SG Notre Dame Blake Wesley
27%
49 Cleveland Cavaliers PF USC Isaiah Mobley
26%
30 Oklahoma City Thunder (to DEN) SF UCLA Peyton Watson
26%
29 Memphis Grizzlies (to MIN) PG Kentucky TyTy Washington Jr.
26%
33 Toronto Raptors C Arizona Christian Koloko
25%
41 New Orleans Pelicans PF Ohio State EJ Liddell
24%
48 Minnesota Timberwolves (to IND) SF Baylor Kendall Brown
23%
38 San Antonio Spurs (to MEM) PG Tennessee Kennedy Chandler
23%
26 Dallas Mavericks (to MIN) SF Duke Wendell Moore Jr.
23%
32 Orlando Magic SF Michigan Caleb Houstan
21%
53 Boston Celtics PG Alabama JD Davison
20%
57 Portland Trail Blazers PF Colorado Jabari Walker
19%
40 Minnesota Timberwolves (to CHA) SG Nebraska Bryce McGowens
18%
43 Los Angeles Clippers PF Michigan Moussa Diabaté
17%
44 Atlanta Hawks (to GSW) SG Toledo Ryan Rollins
16%
42 New York Knicks SG Duke Trevor Keels
16%
55 Golden State Warriors (to MIL) SF Minas (BRA) Gui Santos
13%
45 Charlotte Hornets SF Memphis Josh Minott
13%
51 Golden State Warriors (to ATL) SG UConn Tyrese Martin
12%
58 Indiana Pacers (to MIL) PG New Zealand Brakers (Australia) Hugo Besson
10%
56 Cleveland Cavaliers SG Perth Wildcats (Australia) Luke Travers
10%
36 Portland Trail Blazers (to DET) SG/SF Fortitudo Bologna (Italy) Gabriele Procida
9%
39 Cleveland Cavaliers C Herbalife Gran Canaria (Spain) Khalifa Diop
8%
46 Detroit Pistons (to DEN) C Paris Basketball (France) Ismaël Kamagate
7%
52 New Orleans Pelicans C Mega Mozzart (Serbia) Karlo Matković
7%
50 Minnesota Timberwolves SG Vanoli Cremona (Italy) Matteo Spagnolo
7%
54 Washington Wizards C Unicaja Malaga (Spain) Yannick Nzosa
7%
No matching quizzes found
Score Distribution
Percent of People with Each Score
Percentile by Number Answered
Your Score History
You have not taken this quiz